000 00762cam a22002293a 4500
001 12440
003 PGUSA
005 20140828083251.0
008 040501s2004||||xxu|||||s|||||000 1 eng d
040 _aPGUSA
_beng
042 _adc
050 4 _aPS
100 1 _aBacheller, Irving,
_d1859-1950
245 1 0 _aD'Ri and I :
_bA Tale of Daring Deeds in the Second War with the British. Being the Memoirs of Colonel Ramon Bell, U.S.A.
_h[electronic resource] /
_cIrving Bacheller
260 _bProject Gutenberg,
_c2004
506 _aPublic domain in the USA.
516 _aElectronic text
653 _aUnited States -- History -- War of 1812 -- Fiction
830 0 _aProject Gutenberg
_v12440
856 4 0 _uhttp://www.gutenberg.org/ebooks/12440
942 _cEB
999 _c241695
_d241695